000 01076cam a2200277 a 4500
001 000012034
005 20200929162651.0
008 781003s1981 pr ag b 001 0 spa
020 _a0847725014
040 _aDO-SdBNP
_bspa
_cDLC
_dBNPHU
082 _a793.31
_bP473m
100 1 _aPescador de Umpierre, Paquita.
_928459
245 1 0 _aManual de bailes folklóricos. :
_bCaligrafía musical Antonio Salcedo Corpas, arreglos musicales Blanca Garí.
260 _aSan Juan, (Puerto Rico) :
_bUniversitaria, Universidad de Puerto Rico,
_c1981.
300 _a290 p. :
_bil. ;
_c25 cm.
500 _aEs una reimpresión de la primera edición en 1973
504 _aIncluye referencias bibliográficas (p. 285-287)
504 _aIncluye índice alfabético de bailes y cantos
650 4 _aDanzas folclóricas y nacionales
_xManuales
_928460
651 4 _aPuerto Rico
_xFolklore
_928426
650 4 _aCultura popular
_zPuerto Rico
_928461
700 1 _aSalcedo Corpas, Antonio.
_928462
700 1 _aGarí, Blanca.
_928463
910 _aCatalogación derivada
049 _aBNGR
999 _c11702
_d11702